000 00323nam a2200109Ia 4500
008 171204s9999 xx 000 0 und d
245 _aLearning Cassandra for Administrators:
245 _cVijay Parthasarathy
260 _c2013
650 _xADVANCED DATABASE SYSTEM
856 _uhttp://down.ebook777.com/049/1782168176.pdf
999 _c347083
_d347083